| 000 | 00421pab a2200169 454500 | ||
|---|---|---|---|
| 008 | 180718b2013 xxu||||| |||| 00| 0 eng d | ||
| 100 | _aRocha, Rene R. | ||
| 245 | _aLatino immigration and representation in local politics | ||
| 260 | _c2013 | ||
| 300 | _ap.353-380. | ||
| 362 | _aMay | ||
| 650 | _aImmigration | ||
| 700 | _aMatsubayashi, Tetsuya | ||
| 773 | _aUrban Affairs Review | ||
| 908 | _aN | ||
| 909 | _a99685 | ||
| 999 |
_c99684 _d99684 |
||